| 000 | 004560000a22001690004500 | ||
|---|---|---|---|
| 020 | _a0-912552-58-1 | ||
| 041 | 0 | _aENG | |
| 082 | 0 | 4 | _aG 266 S3788u |
| 245 | 1 | 0 | _aUnreached peoples : Clarifying the task / Harley Schreck and David Barrett, Editores |
| 260 | _aMonrovia, CA., : MARC | ||
| 300 | _a302 Pag | ||
| 001 | 7291 | ||
| 942 | _cBK | ||
| 999 |
_c37507 _d37507 |
||
| 336 |
_atexto _btxt _2rdacontent |
||
| 337 |
_2rdamedia _asin mediación _bn |
||
| 338 |
_2rdacarrier _avolumen _bnc |
||